[Event "25th Chicago Open"]
[Site "Wheeling, IL"]
[Date "2016.05.26"]
[Round "1"]
[White "Larson, Matthew"]
[Black "Nyzhnyk, Illia"]
[Result "1-0"]
[WhiteElo "2306"]
[BlackElo "2622"]
[PlyCount "165"]
[EventDate "2016.05.??"]
[EventType "swiss"]
[EventRounds "9"]
[EventCountry "USA"]
[Source "MonRoi"]

1. d4 Nf6 2. c4 g6 3. Nc3 Bg7 4. e4 d6 5. Be2 O-O 6. Nf3 Bg4 7. Be3 Nfd7 8. h4
Nc6 9. d5 Na5 10. Rc1 c5 11. Nd2 Bxe2 12. Qxe2 h5 13. g4 Nf6 14. gxh5 Nxh5 15.
Rg1 Qd7 16. Qf3 Kh7 17. Ke2 Bf6 18. b3 e5 19. dxe6 Qxe6 20. Nd5 Nc6 21. Nc7 Qe7
22. Nxa8 Rxa8 23. Qg4 Re8 24. f4 Nd4+ 25. Kd3 Bg7 26. f5 Nxf5 27. Bg5 Nh6 28.
Qxh5 gxh5 29. Bxe7 Rxe7 30. Rg5 Re5 31. Rcg1 Ng4 32. Rxe5 Bxe5 33. Nf3 Bf4 34.
Ke2 Kg6 35. Ne1 Bh2 36. Rg2 Be5 37. Nd3 Bf6 38. Nf2 Bxh4 39. Nxg4 hxg4 40.
Rxg4+ Bg5 41. Rg1 Kf6 42. Kf3 a5 43. Rh1 Kg7 44. Rd1 Be7 45. Kf4 Kf6 46. Rh1
Ke6 47. Rh8 b6 48. Rb8 Bf6 49. Rxb6 Bc3 50. Ke3 Bb4 51. Rb8 f6 52. Rb7 Ba3 53.
Rh7 Bb4 54. Rh5 Ba3 55. Rd5 Bb2 56. Rf5 Ba3 57. Kf4 Bb2 58. Kg4 Be5 59. Kh5 Kf7
60. Kh6 Bd4 61. Kh7 Be3 62. Rf3 Bg5 63. Rf2 Ke6 64. Kg6 Ke5 65. Rf5+ Ke6 66.
Rd5 Be3 67. Rh5 Bd4 68. Rh8 Ke5 69. Re8+ Kf4 70. Re6 Be5 71. Rxf6+ Kxe4 72. Rf2
Kd3 73. Kf5 a4 74. Rf3+ Kd4 75. Rh3 a3 76. Ke6 Ke4 77. Rh7 Bc3 78. Kxd6 Bb4 79.
Rh3 Kd4 80. Kc6 Ke4 81. Kb5 Kd4 82. Ka4 Ke4 83. Rh8 1-0

[Event "25th Chicago Open"]
[Site "Wheeling, IL"]
[Date "2016.05.26"]
[Round "1"]
[White "Stukopin, Andrey"]
[Black "Young, Angelo"]
[Result "1-0"]
[WhiteElo "2595"]
[BlackElo "2300"]
[PlyCount "89"]
[EventDate "2016.05.??"]
[EventType "swiss"]
[EventRounds "9"]
[EventCountry "USA"]
[Source "MonRoi"]

1. e4 d6 2. d4 Nf6 3. Nc3 c6 4. Nf3 Qa5 5. Bd2 Bg4 6. Nd5 Qd8 7. Nxf6+ exf6 8.
h3 Bc8 9. Bd3 Be7 10. O-O O-O 11. c3 Nd7 12. Nh2 Re8 13. Ng4 Qb6 14. Ne3 Qc7
15. f4 Bf8 16. Qf3 Nb6 17. a4 a5 18. c4 Nd7 19. Bc3 b6 20. h4 Ba6 21. h5 Qb7
22. e5 d5 23. h6 g6 24. cxd5 c5 25. Bxa6 Rxa6 26. Nc4 cxd4 27. Bxd4 b5 28. axb5
Qxb5 29. Rac1 Bc5 30. Bxc5 Qxc5+ 31. Kh1 fxe5 32. fxe5 Qf8 33. d6 Raa8 34. Qf4
Rac8 35. Rc3 a4 36. Kg1 Rb8 37. Rcf3 f6 38. Qg4 Qf7 39. Rxf6 Nxf6 40. Rxf6 Qa7+
41. Kh2 a3 42. d7 Re7 43. Rxg6+ Kh8 44. Qg5 hxg6 45. Qxe7 1-0

[Event "25th Chicago Open"]
[Site "Wheeling, IL"]
[Date "2016.05.26"]
[Round "1"]
[White "Foisor, Sabina-francesca"]
[Black "Petrosian, Tigran"]
[Result "0-1"]
[WhiteElo "2286"]
[BlackElo "2593"]
[PlyCount "59"]
[EventDate "2016.05.??"]
[EventType "swiss"]
[EventRounds "9"]
[EventCountry "USA"]
[Source "MonRoi"]

1. d4 d6 2. c4 e5 3. d5 f5 4. e4 fxe4 5. Nc3 Nf6 6. Nge2 Bf5 7. Ng3 Bg6 8. Be2
Nbd7 9. h4 h6 10. Be3 Be7 11. h5 Bh7 12. Nf1 O-O 13. g4 Ne8 14. Ng3 Bg5 15.
Ngxe4 Bxe3 16. fxe3 Nef6 17. Bd3 Nxe4 18. Nxe4 c6 19. Nc3 e4 20. Be2 c5 21. Qd2
Ne5 22. O-O-O Qg5 23. Rdf1 Nf3 24. Bxf3 exf3 25. Rhg1 Rae8 26. e4 Rf4 27. Rg3
Bxe4 28. Rf2 Rxg4 29. Qxg5 Rxg5 30. Rh3 0-1

[Event "25th Chicago Open"]
[Site "Wheeling, IL"]
[Date "2016.05.26"]
[Round "1"]
[White "Hevia, Alejano"]
[Black "Kretchetov, Alexandre"]
[Result "0-1"]
[WhiteElo "2533"]
[BlackElo "2246"]
[PlyCount "167"]
[EventDate "2016.05.??"]
[EventType "swiss"]
[EventRounds "9"]
[EventCountry "USA"]
[Source "MonRoi"]

1. e4 e5 2. Nf3 Nc6 3. Bb5 g6 4. Nc3 Bg7 5. O-O Nge7 6. Re1 O-O 7. Nd5 d6 8.
Bc4 Be6 9. c3 Bxd5 10. Bxd5 Nxd5 11. exd5 Ne7 12. Qb3 Qd7 13. Qxb7 Rfb8 14. Qa6
Nxd5 15. Qc4 Nf4 16. Qf1 Qf5 17. d4 Nh3+ 18. gxh3 Qxf3 19. dxe5 Bxe5 20. Qg2
Qd3 21. Bh6 Re8 22. Re3 Qb5 23. Rae1 Rab8 24. Qg5 Re6 25. Qg4 Rbe8 26. b3 f5
27. Qf3 Kf7 28. c4 Qc5 29. Kg2 Qd4 30. Re4 Qc3 31. R4e3 Qd4 32. Rd3 Qh4 33. Bd2
Bd4 34. Rxe6 Rxe6 35. Ba5 Bb6 36. Bc3 Qg5+ 37. Qg3 Qc1 38. Qh4 h6 39. Rf3 Qg5+
40. Qxg5 hxg5 41. Kf1 Re4 42. Rg3 Rf4 43. f3 Be3 44. Ke2 Rh4 45. Rg2 Bf4 46. b4
Be5 47. Be1 Rxc4 48. Rxg5 Rc2+ 49. Kd3 Rxa2 50. Rg1 Rxh2 51. h4 Bf6 52. Bd2
Rxh4 53. Rc1 Bd8 54. Ra1 Rh3 55. Ke2 Ke6 56. Rxa7 g5 57. Ra8 Kd7 58. Ra5 f4 59.
Be1 Rh2+ 60. Kd3 c6 61. Ra7+ Ke6 62. Ra8 Bf6 63. Ra6 Rh1 64. Ke2 Kd5 65. Bf2
Rb1 66. Ra5+ Kc4 67. Ra6 Rb2+ 68. Kf1 Kd5 69. Ra5+ Ke6 70. Ra6 Rc2 71. Ra5 Rc1+
72. Ke2 Ra1 73. Kd3 Be5 74. Ke2 Kf5 75. Kd3 g4 76. fxg4+ Kxg4 77. Ke4 Rb1 78.
Ra4 Rb2 79. Ba7 Rb3 80. Ra2 Rxb4+ 81. Kd3 f3 82. Rc2 c5 83. Rc1 Rd4+ 84. Kc2
0-1

[Event "25th Chicago Open"]
[Site "Wheeling, IL"]
[Date "2016.05.26"]
[Round "1"]
[White "Haessel, Dale"]
[Black "Chirila, Ioan"]
[Result "0-1"]
[WhiteElo "2234"]
[BlackElo "2530"]
[PlyCount "84"]
[EventDate "2016.05.??"]
[EventType "swiss"]
[EventRounds "9"]
[EventCountry "USA"]
[Source "MonRoi"]

1. d4 Nf6 2. c4 g6 3. Nc3 d5 4. Nf3 Bg7 5. cxd5 Nxd5 6. Na4 Bf5 7. Nh4 Bd7 8.
e4 e5 9. Nf3 exd4 10. Bg5 Ne7 11. Nxd4 O-O 12. Nc3 c5 13. Nb3 h6 14. Bf4 b6 15.
Qd2 g5 16. Bd6 Be6 17. h4 g4 18. Nb5 Nbc6 19. Rd1 a6 20. Nc3 c4 21. Nc1 b5 22.
Be2 b4 23. Na4 c3 24. bxc3 Qa5 25. Qc2 bxc3 26. e5 Rfd8 27. O-O Nf5 28. Qe4
Nxd6 29. Qxc6 Nb5 30. Nb6 Rab8 31. Rxd8+ Rxd8 32. Nc4 Qb4 33. Qb6 Rc8 34. Nd6
Ra8 35. Qb7 Rd8 36. Nxb5 axb5 37. Qxb5 Qxb5 38. Bxb5 Bxe5 39. Re1 Bf6 40. g3
Rd2 41. Kf1 c2 42. Ba4 Bd4 0-1

[Event "25th Chicago Open"]
[Site "Wheeling, IL"]
[Date "2016.05.26"]
[Round "1"]
[White "Colas, Joshua"]
[Black "Myers, Dominique"]
[Result "0-1"]
[WhiteElo "2387"]
[BlackElo "2078"]
[PlyCount "88"]
[EventDate "2016.05.??"]
[EventType "swiss"]
[EventRounds "9"]
[EventCountry "USA"]
[Source "MonRoi"]

1. d4 Nf6 2. c4 g6 3. Nc3 d5 4. Nf3 Bg7 5. Bg5 Ne4 6. Bh4 Nxc3 7. bxc3 dxc4 8.
e3 b5 9. a4 c6 10. Qb1 a6 11. Be2 O-O 12. O-O Nd7 13. Qe4 Nb6 14. axb5 Nd5 15.
Qc2 cxb5 16. Rfb1 Nb6 17. Nd2 Be6 18. Bf3 Bd5 19. Bxd5 Nxd5 20. Ne4 Qb6 21. Nc5
Nxc3 22. Rc1 Nd5 23. Nd7 Qc6 24. Nxf8 Bxf8 25. e4 Nb4 26. Qe2 Qd7 27. d5 Nd3
28. Rc2 a5 29. Bg5 Bg7 30. Rb1 a4 31. Bd2 Bd4 32. Be3 Be5 33. Bd2 Bd4 34. Be3
Be5 35. Bd2 a3 36. Bc3 Qd6 37. g3 b4 38. Bxe5 Qxe5 39. Kg2 a2 40. Rxa2 Rxa2 41.
Qxa2 Qxe4+ 42. f3 Qxd5 43. Qa7 c3 44. Qc7 Qa2+ 0-1

[Event "25th Chicago Open"]
[Site "Wheeling, IL"]
[Date "2016.05.26"]
[Round "1"]
[White "Freitag, Todd"]
[Black "Mulyar, Michael"]
[Result "1-0"]
[WhiteElo "2084"]
[BlackElo "2388"]
[PlyCount "85"]
[EventDate "2016.05.??"]
[EventType "swiss"]
[EventRounds "9"]
[EventCountry "USA"]
[Source "MonRoi"]

1. d4 d5 2. c4 c6 3. cxd5 cxd5 4. Bf4 Nc6 5. e3 Nf6 6. Bd3 g6 7. Nc3 Bg7 8.
Nge2 O-O 9. O-O Bf5 10. Bxf5 gxf5 11. Rc1 Rc8 12. Qd3 Qd7 13. Qb5 e6 14. Rc2 a6
15. Qb6 Ne7 16. Rfc1 Rc6 17. Qb3 Rc4 18. Nb1 Rxc2 19. Rxc2 Rc8 20. Rxc8+ Qxc8
21. Nbc3 Ng6 22. Bg3 Qc6 23. Qa4 Qb6 24. Qc2 Qc6 25. Qa4 Qb6 26. Qc2 Bf8 27.
Na4 Qa5 28. f3 Bh6 29. Kf2 b5 30. Qc8+ Kg7 31. Nac3 f4 32. exf4 b4 33. f5 bxc3
34. fxg6 cxb2 35. gxf7 b1=Q 36. f8=Q+ Kg6 37. Qxf6+ Kxf6 38. Bh4+ Kf7 39. Qd7+
Kg8 40. Qxe6+ Kg7 41. Bf6+ Kf8 42. Qe7+ Kg8 43. Qe8+ 1-0

[Event "25th Chicago Open"]
[Site "Wheeling, IL"]
[Date "2016.05.26"]
[Round "1"]
[White "Brown, Michael"]
[Black "Zaloznyy, Mike"]
[Result "1-0"]
[WhiteElo "2418"]
[BlackElo "2170"]
[PlyCount "75"]
[EventDate "2016.05.??"]
[EventType "swiss"]
[EventRounds "9"]
[EventCountry "USA"]
[Source "MonRoi"]

1. d4 e6 2. c4 b6 3. Nc3 Bb7 4. a3 f5 5. d5 Be7 6. g3 Nf6 7. Bg2 O-O 8. Nh3 Ne8
9. O-O Nd6 10. b3 Bf6 11. Bb2 Na6 12. Qc2 Nc5 13. Rad1 Qe7 14. b4 Nce4 15. Nxe4
Nxe4 16. Bxf6 Qxf6 17. f3 Nd6 18. e4 exd5 19. cxd5 Ba6 20. Rfe1 fxe4 21. fxe4
Nc4 22. Qb3 Qb2 23. Qa4 Qxa3 24. Qxa3 Nxa3 25. e5 Bb7 26. Nf4 Rfe8 27. e6 dxe6
28. d6 Bxg2 29. d7 Bc6 30. dxe8=Q+ Bxe8 31. Nxe6 Nb5 32. Nd8 Kf8 33. Re5 Rxd8
34. Rxd8 Nd6 35. Ra8 a5 36. bxa5 bxa5 37. Rc5 a4 38. Rxc7 1-0

[Event "25th Chicago Open"]
[Site "Wheeling, IL"]
[Date "2016.05.27"]
[Round "2.1"]
[White "Yu, Yangyi"]
[Black "Brown, Michael"]
[Result "0-1"]
[WhiteElo "2737"]
[BlackElo "2418"]
[PlyCount "120"]
[EventDate "2016.05.??"]
[EventType "swiss"]
[EventRounds "9"]
[EventCountry "USA"]
[Source "MonRoi"]
[WhiteClock "0:00:03"]
[BlackClock "0:01:22"]

1. e4 e5 2. Nf3 Nc6 3. Bb5 a6 4. Ba4 Nf6 5. O-O Be7 6. d3 b5 7. Bb3 d6 8. a3
O-O 9. Nc3 Nb8 10. Re1 c6 11. Ne2 Nbd7 12. Ng3 Nc5 13. Ba2 Be6 14. b4 Bxa2 15.
Rxa2 Ne6 16. a4 d5 17. Bd2 dxe4 18. dxe4 Nd7 19. Nf5 Bf6 20. Be3 Qc7 21. Nd2 a5
22. Qg4 Kh8 23. axb5 axb4 24. Rxa8 Rxa8 25. bxc6 Qxc6 26. Rc1 Ra2 27. Qd1 g6
28. Nh6 Kg7 29. Ng4 Bg5 30. Bxg5 Nxg5 31. h4 Ne6 32. h5 Nd4 33. h6+ Kf8 34. Ne3
Nf6 35. Rb1 Nxe4 36. Nxe4 Qxe4 37. Rxb4 Qh4 38. Rb8+ Ke7 39. Rb7+ Kf8 40. Rb8+
Ke7 41. Rb1 Qxh6 42. Qe1 Qh5 43. Nd5+ Kf8 44. Nf6 Qf5 45. Rb8+ Kg7 46. Ne8+ Kh6
47. Qe3+ Qf4 48. Qxf4+ exf4 49. Rb7 f5 50. Nf6 Rxc2 51. Rxh7+ Kg5 52. Rf7 Rc1+
53. Kh2 Rf1 54. Nh7+ Kh6 55. Nf8 Rxf2 56. Rh7+ Kg5 57. Rg7 Nf3+ 58. Kh3 Ne5 59.
Re7 Ng4 60. Re6 Rf1 0-1

[Event "25th Chicago Open"]
[Site "Wheeling, IL"]
[Date "2016.05.27"]
[Round "2.2"]
[White "Kiewra, Keaton"]
[Black "Zhou, Jianchao"]
[Result "1/2-1/2"]
[WhiteElo "2425"]
[BlackElo "2617"]
[PlyCount "197"]
[EventDate "2016.05.??"]
[EventType "swiss"]
[EventRounds "9"]
[EventCountry "USA"]
[Source "MonRoi"]
[WhiteClock "0:00:56"]
[BlackClock "0:01:06"]

1. e4 Nf6 2. e5 Nd5 3. d4 d6 4. Bc4 Nb6 5. Bb3 dxe5 6. Qh5 e6 7. dxe5 a5 8. a4
Na6 9. Nf3 Nc5 10. Ba2 Be7 11. Nc3 O-O 12. Ng5 h6 13. Nf3 Qe8 14. Be3 Bd7 15.
Qg4 Kh7 16. Ne4 Nxe4 17. Qxe4+ Kh8 18. Bb3 Bc6 19. Qg4 Bd5 20. Bxb6 Bxb3 21.
cxb3 Bb4+ 22. Ke2 cxb6 23. Qe4 b5 24. Qxb7 bxa4 25. bxa4 Rb8 26. Qe4 Be7 27.
Rhd1 Rxb2+ 28. Rd2 Rb4 29. Rd4 Qc8 30. Rxb4 Bxb4 31. Qd3 Be7 32. Rd1 Qc6 33.
Qb5 Qc2+ 34. Rd2 Qe4+ 35. Kf1 Rc8 36. Re2 Qa8 37. h3 Rb8 38. Qd7 Rb7 39. Qd3
Qe8 40. Re4 Qb8 41. Qa6 Rb1+ 42. Re1 Rb6 43. Qc4 Rb2 44. Re2 Rxe2 45. Kxe2 Qb2+
46. Ke3 Qb6+ 47. Nd4 Bc5 48. f4 g6 49. g4 Kg7 50. h4 Bxd4+ 51. Qxd4 Qb3+ 52.
Ke4 Qg3 53. Qd8 Qxg4 54. Qf6+ Kg8 55. Qd8+ Kh7 56. Qxa5 Qxh4 57. Qc7 Kg7 58. a5
h5 59. Qc1 Qf2 60. Qa3 h4 61. a6 Qg2+ 62. Kd4 h3 63. a7 Qa8 64. Qa2 h2 65. Qxh2
Qxa7+ 66. Ke4 Qb7+ 67. Ke3 Qb3+ 68. Ke4 Qc4+ 69. Ke3 Qc3+ 70. Ke4 Qe1+ 71. Kf3
Qd1+ 72. Ke3 Qc1+ 73. Ke4 Qb1+ 74. Ke3 Qb6+ 75. Ke4 Qc6+ 76. Ke3 Qc5+ 77. Ke4
Qd5+ 78. Ke3 Qd8 79. Ke4 Qh8 80. Qg3 Qa8+ 81. Kd4 Qd8+ 82. Kc5 g5 83. fxg5 Kg6
84. Qf4 Qxg5 85. Qe4+ f5 86. Qa8 Kf7 87. Qh8 Qg7 88. Qh5+ Qg6 89. Qh8 f4 90.
Kd4 Qg1+ 91. Kd3 Qg7 92. Qxg7+ Kxg7 93. Ke4 Kg6 94. Kxf4 Kh5 95. Ke4 Kg4 96.
Ke3 Kf5 97. Kf3 Kxe5 98. Ke3 Kf5 99. Kf3 1/2-1/2

[Event "25th Chicago Open"]
[Site "Wheeling, IL"]
[Date "2016.05.27"]
[Round "2.3"]
[White "Akobian, Varuzhan"]
[Black "Harmon-Vellotti, Luke"]
[Result "1/2-1/2"]
[WhiteElo "2612"]
[BlackElo "2409"]
[PlyCount "106"]
[EventDate "2016.05.??"]
[EventType "swiss"]
[EventRounds "9"]
[EventCountry "USA"]
[Source "MonRoi"]
[WhiteClock "0:08:18"]
[BlackClock "0:19:14"]

1. d4 Nf6 2. c4 e6 3. Nf3 b6 4. g3 Bb7 5. Bg2 Be7 6. O-O O-O 7. Re1 a5 8. Nc3
Ne4 9. Qc2 Nxc3 10. bxc3 Qc8 11. e4 d6 12. Bf4 Nd7 13. Rad1 Re8 14. h4 Bf8 15.
Bh3 h6 16. Qe2 Qd8 17. Qd3 Ba6 18. Kh2 Rc8 19. Kg1 c6 20. Nd2 Qc7 21. Rb1 Rcd8
22. Qc2 b5 23. cxb5 cxb5 24. Bf1 e5 25. Be3 exd4 26. Bxd4 Qc6 27. Qb3 Nc5 28.
Qd5 Qxd5 29. exd5 Rxe1 30. Rxe1 Bb7 31. Bxb5 Bxd5 32. a4 Be6 33. Bxc5 dxc5 34.
Nc4 Bxc4 35. Bxc4 Bd6 36. f4 Kf8 37. h5 Re8 38. Rd1 Rd8 39. Kg2 Bc7 40. Rb1 Rb8
41. Bb5 Rb6 42. Kf3 Ke7 43. Ke4 Re6+ 44. Kd5 g6 45. Rh1 gxh5 46. Rxh5 Re3 47.
Kc6 Bb8 48. Rxc5 Rxg3 49. Kb6 Bxf4 50. Kxa5 h5 51. Rxh5 Rxc3 52. Rd5 Ke6 53.
Rd3 Ke5 1/2-1/2

[Event "25th Chicago Open"]
[Site "Wheeling, IL"]
[Date "2016.05.27"]
[Round "2.4"]
[White "Durarbayli, Vasif"]
[Black "Shmelov, Denys"]
[Result "1/2-1/2"]
[WhiteElo "2596"]
[BlackElo "2406"]
[PlyCount "124"]
[EventDate "2016.05.??"]
[EventType "swiss"]
[EventRounds "9"]
[EventCountry "USA"]
[Source "MonRoi"]
[WhiteClock "0:38:29"]
[BlackClock "0:04:29"]

1. e4 c6 2. d4 d5 3. e5 Bf5 4. Nf3 e6 5. Be2 Nd7 6. O-O Bg6 7. Nbd2 Nh6 8. Nb3
Nf5 9. a4 Bh5 10. Ng5 Bxe2 11. Qxe2 Be7 12. Qh5 g6 13. Qg4 Rc8 14. c3 c5 15.
Nxc5 Nxc5 16. dxc5 Rxc5 17. Nf3 Rc4 18. Qh3 h5 19. Nd2 Rc8 20. Qd3 Qc7 21. Re1
Kf8 22. a5 Kg7 23. Nf3 Qc4 24. Qd1 Rhd8 25. Bd2 Kg8 26. b3 Qb5 27. Qb1 Rc7 28.
Ra4 Rdc8 29. Qc2 Rd7 30. Qb1 Rdc7 31. Rc1 b6 32. axb6 Qxb6 33. h3 Rb7 34. g4
hxg4 35. hxg4 Ng3 36. Be3 Ne2+ 37. Kg2 Qxb3 38. Qxb3 Rxb3 39. Rc2 d4 40. Nxd4
Nxd4 41. Bxd4 Ra3 42. Rxa3 Bxa3 43. Bxa7 Bc5 44. Bxc5 Rxc5 45. c4 Rxe5 46. c5
Rd5 47. c6 Rd8 48. g5 Kf8 49. Kf3 Ke7 50. Ke4 Ra8 51. c7 Kd7 52. Rc4 Kc8 53.
Ke5 Ra5+ 54. Kd6 Rd5+ 55. Kc6 Rd7 56. Kb6 Rd6+ 57. Rc6 Rd2 58. f4 Rb2+ 59. Kc5
Rf2 60. Kd6 Rxf4 61. Ke7 Rf5 62. Rc4 Rxg5 1/2-1/2

[Event "25th Chicago Open"]
[Site "Wheeling, IL"]
[Date "2016.05.27"]
[Round "2"]
[White "Kiewra, Keaton"]
[Black "Zhou, Jianchao"]
[Result "1/2-1/2"]
[WhiteElo "2425"]
[BlackElo "2617"]
[PlyCount "125"]
[EventDate "2016.05.??"]
[EventType "swiss"]
[EventRounds "9"]
[EventCountry "USA"]
[Source "MonRoi"]

1. e4 Nf6 2. e5 Nd5 3. d4 d6 4. Bc4 Nb6 5. Bb3 dxe5 6. Qh5 e6 7. dxe5 a5 8. a4
Na6 9. Nf3 Nc5 10. Ba2 Be7 11. Nc3 O-O 12. Ng5 h6 13. Nf3 Qe8 14. Be3 Bd7 15.
Qg4 Kh7 16. Ne4 Nxe4 17. Qxe4+ Kh8 18. Bb3 Bc6 19. Qg4 Bd5 20. Bxb6 Bxb3 21.
cxb3 Bb4+ 22. Ke2 cxb6 23. Qe4 b5 24. Qxb7 bxa4 25. bxa4 Rb8 26. Qe4 Be7 27.
Rhd1 Rxb2+ 28. Rd2 Rb4 29. Rd4 Qc8 30. Rxb4 Bxb4 31. Qd3 Be7 32. Rd1 Qc6 33.
Qb5 Qc2+ 34. Rd2 Qe4+ 35. Kf1 Rc8 36. Re2 Qa8 37. h3 Rb8 38. Qd7 Rb7 39. Qd3
Qe8 40. Re4 Qb8 41. Qa6 Rb1+ 42. Re1 Rb6 43. Qc4 Rb2 44. Re2 Rxe2 45. Kxe2 Qb2+
46. Ke3 Qb6+ 47. Nd4 Bc5 48. f4 g6 49. g4 Kg7 50. h4 Bxd4+ 51. Qxd4 Qb3+ 52.
Ke4 Qg3 53. Qd8 Qxg4 54. Qf6+ Kg8 55. Qd8+ Kh7 56. Qxa5 Qxh4 57. Qc7 Kg7 58. a5
h5 59. Qc1 Qf2 60. Qa3 h4 61. a6 Qg2+ 62. Kd4 h3 63. a7 1/2-1/2

[Event "25th Chicago Open"]
[Site "Wheeling, IL"]
[Date "2016.05.27"]
[Round "2"]
[White "Ruiz, Joshua"]
[Black "Stukopin, Andrey"]
[Result "0-1"]
[WhiteElo "2399"]
[BlackElo "2595"]
[PlyCount "94"]
[EventDate "2016.05.??"]
[EventType "swiss"]
[EventRounds "9"]
[EventCountry "USA"]
[Source "MonRoi"]

1. e4 c5 2. Nf3 Nc6 3. d4 cxd4 4. Nxd4 Nf6 5. Nc3 d6 6. Bg5 e6 7. Qd2 a6 8.
O-O-O h6 9. Nxc6 bxc6 10. Bf4 d5 11. Qe3 Bb4 12. a3 Ba5 13. Be2 O-O 14. e5 Nd7
15. h4 f6 16. exf6 Qxf6 17. Bd6 Re8 18. Bh5 g6 19. Rh3 Nf8 20. Be5 Qf7 21. Rf3
Qh7 22. Rg3 Bd8 23. Bxg6 Nxg6 24. h5 Bg5 25. Rxg5 hxg5 26. Qxg5 Kf7 27. Rd4
Nxe5 28. Rf4+ Qf5 29. g4 Rg8 30. Rxf5+ exf5 31. Qf4 Re8 32. g5 Ra7 33. Nd1 Kg8
34. Ne3 Rh7 35. h6 Rf7 36. b4 Kh7 37. Kb2 Bd7 38. Nf1 Ng6 39. Qd4 f4 40. Qa7
Re2 41. Qd4 Ne5 42. Kc3 Bf5 43. Nd2 f3 44. Kb3 Nc4 45. Nxc4 dxc4+ 46. Ka4 Bxc2+
47. Ka5 Bg6 0-1

[Event "25th Chicago Open"]
[Site "Wheeling, IL"]
[Date "2016.05.27"]
[Round "2"]
[White "Petrosian, Tigran"]
[Black "Kleiman, Jake"]
[Result "1-0"]
[WhiteElo "2593"]
[BlackElo "2378"]
[PlyCount "133"]
[EventDate "2016.05.??"]
[EventType "swiss"]
[EventRounds "9"]
[EventCountry "USA"]
[Source "MonRoi"]

1. e4 e5 2. Nf3 Nc6 3. Bb5 Nf6 4. Bxc6 dxc6 5. d3 Bd6 6. Nbd2 Nd7 7. Nc4 c5 8.
O-O O-O 9. b3 Re8 10. Bb2 f6 11. Nfd2 Nf8 12. f4 exf4 13. Nxd6 cxd6 14. Rxf4
Ng6 15. Rf2 Be6 16. Qh5 Qd7 17. h3 d5 18. Raf1 Rad8 19. Nf3 Nf4 20. Qh4 Ng6 21.
Qg3 d4 22. Bc1 Qd6 23. Qxd6 Rxd6 24. g4 b5 25. Kh2 h6 26. Bd2 Ne5 27. Nxe5 fxe5
28. a3 Ra6 29. Ra1 Rb8 30. Rff1 Rc8 31. Kg3 c4 32. bxc4 bxc4 33. Bb4 Bd7 34.
Rf2 Rf6 35. Raf1 Kf7 36. h4 Ke6 37. g5 hxg5 38. hxg5 Rxf2 39. Rxf2 Ba4 40. g6
cxd3 41. cxd3 Bb5 42. Rf7 Bxd3 43. Kf3 a6 44. Rxg7 Kf6 45. Re7 Kxg6 46. Rxe5
Bc4 47. Kf4 Bf7 48. Rg5+ Kf6 49. e5+ Ke6 50. Rf5 Bg8 51. Rf6+ Kd5 52. Rxa6 Rc7
53. Rd6+ Kc4 54. e6 Rh7 55. Rc6+ Kd5 56. Rc8 Rh4+ 57. Kg5 Rg4+ 58. Kf6 Rf4+ 59.
Ke7 Rg4 60. Rc5+ Ke4 61. Kd7 Bxe6+ 62. Kxe6 Rg6+ 63. Kd7 Ra6 64. Kc7 d3 65. Ra5
Rxa5 66. Bxa5 Kd5 67. a4 1-0

[Event "25th Chicago Open"]
[Site "Wheeling, IL"]
[Date "2016.05.27"]
[Round "2"]
[White "Shetty, Atulya"]
[Black "Macieja, Bartlomiej"]
[Result "1/2-1/2"]
[WhiteElo "2366"]
[BlackElo "2554"]
[PlyCount "41"]
[EventDate "2016.05.??"]
[EventType "swiss"]
[EventRounds "9"]
[EventCountry "USA"]
[Source "MonRoi"]

1. c4 e5 2. g3 Nc6 3. Nc3 d6 4. Bg2 Be6 5. b4 Qd7 6. b5 Nd8 7. d3 g6 8. Nd5 Bg7
9. Rb1 c6 10. bxc6 bxc6 11. Nc3 f5 12. Qc2 Ne7 13. Nf3 h6 14. O-O O-O 15. Ba3
g5 16. Rb3 g4 17. Nd2 h5 18. Rfb1 h4 19. Qb2 hxg3 20. hxg3 f4 21. Nde4 1/2-1/2

[Event "25th Chicago Open"]
[Site "Wheeling, IL"]
[Date "2016.05.27"]
[Round "2"]
[White "Vibbert, Sean"]
[Black "Gorovets, Andrey"]
[Result "1/2-1/2"]
[WhiteElo "2350"]
[BlackElo "2545"]
[PlyCount "112"]
[EventDate "2016.05.??"]
[EventType "swiss"]
[EventRounds "9"]
[EventCountry "USA"]
[Source "MonRoi"]

1. e4 c5 2. Nc3 a6 3. g3 b5 4. Bg2 Bb7 5. Nge2 e6 6. O-O Nf6 7. d3 d6 8. h3 h5
9. Re1 Nbd7 10. Be3 Nb6 11. b3 b4 12. Nb1 d5 13. Nd2 Be7 14. a4 a5 15. Bg5 dxe4
16. dxe4 Nfd7 17. Bxe7 Qxe7 18. Nf4 h4 19. e5 Bxg2 20. Kxg2 hxg3 21. fxg3 Rd8
22. Nd3 Qg5 23. Ne4 Qh6 24. Nd6+ Ke7 25. h4 g5 26. Qf3 Rh7 27. Rh1 gxh4 28.
Rxh4 Qd2+ 29. Kg1 Rg7 30. Rf4 Nxe5 31. Nxe5 Rxd6 32. Rxf7+ Rxf7 33. Qxf7+ Kd8
34. Qf6+ Kc7 35. Rf1 Qe3+ 36. Kh2 Rd2+ 37. Kh3 Qe2 38. Qf7+ Nd7 39. Nxd7 Rxd7
40. Qf4+ Kc6 41. Qf3+ Qxf3 42. Rxf3 e5 43. c4 bxc3 44. Rxc3 e4 45. Kg2 Rd2+ 46.
Kf1 Kd5 47. g4 Rd1+ 48. Kf2 Kd4 49. Rg3 Rd2+ 50. Kf1 e3 51. g5 Rb2 52. g6 Rxb3
53. Rg5 Rb1+ 54. Ke2 Rb2+ 55. Kf1 Rb1+ 56. Ke2 Rb2+ 1/2-1/2

[Event "25th Chicago Open"]
[Site "Wheeling, IL"]
[Date "2016.05.27"]
[Round "2"]
[White "Chirila, Ioan"]
[Black "Homa, Seth"]
[Result "1-0"]
[WhiteElo "2530"]
[BlackElo "2325"]
[PlyCount "83"]
[EventDate "2016.05.??"]
[EventType "swiss"]
[EventRounds "9"]
[EventCountry "USA"]
[Source "MonRoi"]

1. d4 d5 2. c4 e6 3. Nc3 Nf6 4. Nf3 c6 5. e3 Nbd7 6. Qc2 Bd6 7. Bd3 O-O 8. O-O
dxc4 9. Bxc4 b5 10. Be2 Bb7 11. e4 e5 12. dxe5 Nxe5 13. Nd4 Neg4 14. g3 Bc5 15.
Nf5 Re8 16. Bg5 Qb6 17. Kg2 Bf8 18. h3 h6 19. Bh4 g5 20. Bxg5 hxg5 21. hxg4
Nxe4 22. Nxe4 Rxe4 23. Rh1 c5 24. Bf3 Rae8 25. Rae1 Qe6 26. Qc3 Qe5 27. Bxe4
Qxc3 28. bxc3 Rxe4 29. Rxe4 Bxe4+ 30. f3 Bxf5 31. gxf5 Bg7 32. Rb1 a6 33. Rb3
Be5 34. Ra3 Kf8 35. Kf2 Ke7 36. Ke2 Kd6 37. Rxa6+ Kd5 38. Kd3 c4+ 39. Kc2 Bxg3
40. Rf6 Ke5 41. Rxf7 Kf4 42. f6 1-0

[Event "25th Chicago Open"]
[Site "Wheeling, IL"]
[Date "2016.05.27"]
[Round "2"]
[White "Ludwig, John"]
[Black "Perelshteyn, Eugene"]
[Result "0-1"]
[WhiteElo "2348"]
[BlackElo "2525"]
[PlyCount "106"]
[EventDate "2016.05.??"]
[EventType "swiss"]
[EventRounds "9"]
[EventCountry "USA"]
[Source "MonRoi"]

1. e4 c5 2. Nf3 d6 3. d4 cxd4 4. Nxd4 Nf6 5. Nc3 Nc6 6. f3 e5 7. Nb3 Be7 8. Be3
O-O 9. Qd2 Be6 10. Nd5 Bxd5 11. exd5 Nb8 12. c4 a5 13. Rc1 Nbd7 14. Be2 a4 15.
Na1 Nc5 16. Nc2 Nfd7 17. O-O f5 18. Kh1 f4 19. Bg1 Rf6 20. Ne1 Qc8 21. Nd3 Bd8
22. Nxc5 Nxc5 23. Qc2 Bb6 24. b4 axb3 25. axb3 Ba5 26. Ra1 Bb4 27. Bf2 b6 28.
Ra2 Rf7 29. Rfa1 Ra5 30. Bd3 g6 31. h4 Kg7 32. h5 Nxd3 33. Qxd3 Rf5 34. hxg6
hxg6 35. Kg1 Rh5 36. Rxa5 bxa5 37. Rd1 Bc5 38. Qc2 Kf6 39. Qd2 Bb4 40. Qc2 Rh7
41. Rc1 Bc5 42. Qd2 g5 43. Qxa5 Qh8 44. Bxc5 Rh1+ 45. Kf2 Rxc1 46. Bxd6 Kf5 47.
Qd2 Qh1 48. Qd3+ Kf6 49. Bxe5+ Kxe5 50. Qe4+ Kd6 51. c5+ Kxc5 52. b4+ Kb5 53.
Qe8+ Kc4 0-1

[Event "25th Chicago Open"]
[Site "Wheeling, IL"]
[Date "2016.05.27"]
[Round "2"]
[White "Shankar, Gauri"]
[Black "Li, Ruifeng"]
[Result "0-1"]
[WhiteElo "2332"]
[BlackElo "2517"]
[PlyCount "94"]
[EventDate "2016.05.??"]
[EventType "swiss"]
[EventRounds "9"]
[EventCountry "USA"]
[Source "MonRoi"]

1. e4 c5 2. Nf3 d6 3. Bb5+ Nd7 4. c3 Ngf6 5. Qe2 a6 6. Ba4 b5 7. Bc2 Bb7 8. O-O
e6 9. d4 Be7 10. Nbd2 Qc7 11. Bd3 O-O 12. Re1 cxd4 13. cxd4 e5 14. a4 bxa4 15.
Rxa4 exd4 16. Rxd4 Rfe8 17. b4 Ne5 18. Bb1 Qb6 19. Bb2 Nc6 20. Rc4 Nxb4 21. e5
dxe5 22. Nxe5 Nbd5 23. Ndf3 Bb4 24. Rec1 Bd6 25. Qc2 g6 26. Bd4 Qd8 27. Ba2 Rc8
28. Qb2 Rxc4 29. Nxc4 Bf4 30. Rb1 Bc8 31. Nb6 Be6 32. Nxd5 Nxd5 33. g3 Bh6 34.
h4 Nc7 35. Bf6 Qd3 36. Bxe6 Nxe6 37. Ne5 Qf5 38. Nd7 Nf4 39. Rd1 Nd5 40. Rxd5
Qxd5 41. Ne5 Re6 42. Kh2 Bf8 43. Bh8 f6 44. Bxf6 Rxf6 45. Ng4 Re6 46. Nf6+ Rxf6
47. Qxf6 a5 0-1